|
|
|
|
| LEADER |
00000nab a2200000 a 4500 |
| 001 |
vtls000302775 |
| 003 |
SK-MaSNL |
| 005 |
20260303114424.0 |
| 008 |
220422c1987 xo 0 slo |
| 015 |
|
|
|a SNBRB19rr/mm-uuuuu
|
| 035 |
|
|
|a CL0312894
|
| 040 |
|
|
|a SNKBUCL
|b slo
|c SNKBUCL
|e AACR2
|
| 041 |
0 |
|
|a slo
|
| 044 |
|
|
|a xo
|c SK
|
| 080 |
|
|
|a 632.951:57
|2 1981
|
| 080 |
|
|
|a 57
|2 1981
|
| 100 |
1 |
|
|a Fuska, Ján,
|d 1928-2021
|4 aut
|9 190790
|
| 245 |
1 |
0 |
|a Sľubné biopesticídy
|c Ján Fuska
|
| 300 |
|
|
|b Obr. 5.
|
| 650 |
0 |
7 |
|a poľnohospodárstvo
|2 snkbucl
|9 679
|
| 650 |
0 |
7 |
|a biopesticídy
|2 snkbucl
|9 57870
|
| 655 |
|
7 |
|a články z novín a časopisov
|2 snkbucl
|9 267496
|
| 773 |
0 |
|
|t Príroda a spoločnosť
|g Roč. 36, č. 24 (1987), s. 8-12
|
| 850 |
|
|
|a Slovenská národná knižnica v Martine
|a MTA001
|
| 852 |
|
|
|a SNK
|b KIS3GCP
|
| 958 |
|
|
|a RK
|
| 958 |
|
|
|a ME
|
| 992 |
|
|
|a RBX
|
| 999 |
|
|
|c 1898310
|d 1900240
|